000
00322nam a2200133Ia 4500
005
20260328104318.0
008
260328s9999||||xx |||||||||||||| ||und||
100
_a
Wagner, Philip
245
4
_a
The Human Use of the Earth /
_c
Philip Wagner
260
_b
Free Press
300
_a
270 p.
650
_a
HISTORIA
942
_c
BK
999
_c
11235
_d
11235